[Event "Baku FIDE Grand Prix 2014"]
[Site "Baku AZE"]
[Date "2014.10.02"]
[Round "1.3"]
[White "Tomashevsky, Evgeny"]
[Black "Grischuk, Alexander"]
[Result "1/2-1/2"]
[WhiteElo "2701"]
[BlackElo "2797"]
[PlyCount "63"]
[EventDate "2014.10.02"]
[EventType "tourn"]
[EventRounds "11"]
[EventCountry "AZE"]
[EventCategory "21"]
[Source "lmi"]
[SourceDate "2014.10.02"]

1. d4 Nf6 2. c4 g6 3. Nc3 d5 4. Nf3 Bg7 5. Qb3 dxc4 6. Qxc4 O-O 7. e4 a6 8. Be2
b5 9. Qb3 c5 10. dxc5 Be6 11. Qc2 Nbd7 12. Be3 Rc8 13. Rd1 b4 14. Nd5 Bxd5 15.
exd5 Nxc5 16. O-O Nce4 17. Qd3 Qd6 18. g3 Rfd8 19. Bf4 Qxd5 20. Qxa6 Qa8 21.
Qxa8 Rxa8 22. Rxd8+ Rxd8 23. Ne5 Nd5 24. Rd1 Rd6 25. Nxg6 Nxf4 26. Nxf4 Rxd1+
27. Bxd1 Bxb2 28. Bc2 Nf6 29. Nd3 Bc3 30. f4 e6 31. Kg2 Kf8 32. Kf3 1/2-1/2

[Event "Baku FIDE Grand Prix 2014"]
[Site "Baku AZE"]
[Date "2014.10.03"]
[Round "2.3"]
[White "Grischuk, Alexander"]
[Black "Karjakin, Sergey"]
[Result "1/2-1/2"]
[WhiteElo "2797"]
[BlackElo "2767"]
[PlyCount "93"]
[EventDate "2014.10.02"]
[EventType "tourn"]
[EventRounds "11"]
[EventCountry "AZE"]
[EventCategory "21"]
[Source "lmi"]
[SourceDate "2014.10.02"]

1. d4 Nf6 2. c4 e6 3. Nf3 b6 4. g3 Ba6 5. Nbd2 Bb7 6. Bg2 Be7 7. O-O O-O 8. Qc2
d5 9. cxd5 exd5 10. Rd1 Na6 11. a3 Qc8 12. Nb1 c5 13. Nc3 Nc7 14. Nh4 g6 15.
Bh6 Rd8 16. Nf3 Ne6 17. h3 Qc6 18. e3 Rac8 19. Qe2 Qe8 20. Ne5 Ne4 21. Rac1
cxd4 22. exd4 f5 23. Kh2 Bf6 24. f4 Rc7 25. Qe3 Rdc8 26. Bxe4 fxe4 27. Rf1 a5
28. Rcd1 Bh8 29. Ng4 Rc4 30. f5 gxf5 31. Rxf5 Rxd4 32. Rdf1 Rd3 33. Qxb6 Qc6
34. Qf2 Qe8 35. Nf6+ Bxf6 36. Rxf6 Rf3 37. Rxf3 exf3 38. Qxf3 Qg6 39. Rf2 Bc6
40. Qf6 d4 41. Nb1 Bd5 42. Nd2 Qxf6 43. Rxf6 Rc2 44. b4 axb4 45. axb4 Rb2 46.
g4 Rxb4 47. Kg3 1/2-1/2

[Event "Baku FIDE Grand Prix 2014"]
[Site "Baku AZE"]
[Date "2014.10.03"]
[Round "2.5"]
[White "Kasimdzhanov, Rustam"]
[Black "Radjabov, Teimour"]
[Result "1/2-1/2"]
[WhiteElo "2706"]
[BlackElo "2726"]
[PlyCount "83"]
[EventDate "2014.10.02"]
[EventType "tourn"]
[EventRounds "11"]
[EventCountry "AZE"]
[EventCategory "21"]
[Source "lmi"]
[SourceDate "2014.10.02"]

1. e4 e5 2. Nf3 Nc6 3. Bb5 Nf6 4. O-O Nxe4 5. d4 Nd6 6. Bxc6 dxc6 7. dxe5 Nf5
8. Qxd8+ Kxd8 9. h3 Bd7 10. Rd1 Be7 11. g4 Nh4 12. Nxh4 Bxh4 13. Nd2 Kc8 14.
Nf3 Be7 15. Rd3 b5 16. Bg5 Bc5 17. Be3 Bb6 18. Ng5 h6 19. Nxf7 Rf8 20. Nd8 Bxe3
21. fxe3 Bxg4 22. Rf1 Rxf1+ 23. Kxf1 Bxh3+ 24. Kf2 Bd7 25. e6 Kxd8 26. Rxd7+
Ke8 27. Rxg7 Rd8 28. Rxc7 Rd2+ 29. Kf3 Rxc2 30. Rxa7 Rxb2 31. Kf4 Rb4+ 32. Ke5
Ra4 33. Rc7 Rxa2 34. Rc8+ Ke7 35. Rc7+ Ke8 36. Rxc6 h5 37. Rc8+ Ke7 38. Rc7+
Ke8 39. Rc8+ Ke7 40. Rc7+ Ke8 41. e4 b4 42. Rb7 1/2-1/2

[Event "Baku FIDE Grand Prix 2014"]
[Site "Baku AZE"]
[Date "2014.10.04"]
[Round "3.2"]
[White "Radjabov, Teimour"]
[Black "Svidler, Peter"]
[Result "1/2-1/2"]
[WhiteElo "2726"]
[BlackElo "2732"]
[PlyCount "61"]
[EventDate "2014.10.02"]
[EventType "tourn"]
[EventRounds "11"]
[EventCountry "AZE"]
[EventCategory "21"]
[Source "lmi"]
[SourceDate "2014.10.02"]

1. Nf3 Nf6 2. c4 c5 3. d4 cxd4 4. Nxd4 e6 5. Nc3 a6 6. a3 d5 7. cxd5 Nxd5 8.
Bd2 e5 9. Nf3 Nxc3 10. Bxc3 Qxd1+ 11. Rxd1 f6 12. e3 Be6 13. Nd2 Nc6 14. Bc4
Kf7 15. Ke2 Rd8 16. Bxe6+ Kxe6 17. Nc4 Be7 18. Rxd8 Rxd8 19. Rc1 f5 20. f3 h5
21. h3 g6 22. Na5 Nxa5 23. Bxa5 Rd5 24. Be1 Rc5 25. Rxc5 Bxc5 26. Kd3 Kd5 27.
e4+ fxe4+ 28. fxe4+ Kc6 29. Bc3 Bd6 30. a4 b5 31. b3 1/2-1/2

[Event "Baku FIDE Grand Prix 2014"]
[Site "Baku AZE"]
[Date "2014.10.04"]
[Round "3.4"]
[White "Tomashevsky, Evgeny"]
[Black "Kasimdzhanov, Rustam"]
[Result "1/2-1/2"]
[WhiteElo "2701"]
[BlackElo "2706"]
[PlyCount "87"]
[EventDate "2014.10.02"]
[EventType "tourn"]
[EventRounds "11"]
[EventCountry "AZE"]
[EventCategory "21"]
[Source "lmi"]
[SourceDate "2014.10.02"]

1. d4 Nf6 2. c4 g6 3. Nc3 d5 4. cxd5 Nxd5 5. Bd2 Bg7 6. e4 Nxc3 7. Bxc3 c5 8.
d5 O-O 9. Qd2 e6 10. Bc4 exd5 11. Bxd5 Nd7 12. Bxg7 Kxg7 13. Ne2 Nb6 14. Nc3
Be6 15. O-O-O Qf6 16. h4 Bxd5 17. Nxd5 Nxd5 18. exd5 Rad8 19. h5 Rd7 20. Rh3
Rfd8 21. hxg6 fxg6 22. d6 Kg8 23. Rd3 b6 24. a3 Rf8 25. Rf3 Qe5 26. Rxf8+ Kxf8
27. Kb1 Qe4+ 28. Ka1 Kf7 29. Qc3 Qe6 30. Qf3+ Kg7 31. Qc6 h5 32. g3 Kf7 33. f4
Kg7 34. Qc8 Kf7 35. Qc6 Kg7 36. Kb1 Qf5+ 37. Ka2 Qe6+ 38. Ka1 Kf6 39. Qa8 Kf7
40. Qc8 Kg7 41. Qc6 Kf6 42. Qa8 Kg7 43. Qc8 Kf7 44. Qc6 1/2-1/2

[Event "Baku FIDE Grand Prix 2014"]
[Site "Baku AZE"]
[Date "2014.10.05"]
[Round "4.3"]
[White "Dominguez Perez, Leinier"]
[Black "Gelfand, Boris"]
[Result "1/2-1/2"]
[WhiteElo "2751"]
[BlackElo "2748"]
[PlyCount "66"]
[EventDate "2014.10.02"]
[EventType "tourn"]
[EventRounds "11"]
[EventCountry "AZE"]
[EventCategory "21"]
[Source "lmi"]
[SourceDate "2014.10.02"]

1. e4 c5 2. Nf3 Nc6 3. d4 cxd4 4. Nxd4 Nf6 5. Nc3 e5 6. Ndb5 d6 7. Bg5 a6 8.
Na3 b5 9. Nd5 Be7 10. Bxf6 Bxf6 11. c3 Rb8 12. Nc2 Bg5 13. a4 bxa4 14. Nce3 O-O
15. Qxa4 Bxe3 16. Nxe3 Ne7 17. O-O-O Bb7 18. Bd3 Bc6 19. Qa3 Qc7 20. Rd2 d5 21.
exd5 Nxd5 22. Nxd5 Bxd5 23. Bxh7+ Kxh7 24. Rxd5 Qc4 25. Rhd1 Rfc8 26. R5d3 Rc5
27. R1d2 g6 28. Rf3 Rb3 29. Qa2 Rcb5 30. Kd1 Qf1+ 31. Kc2 Qc4 32. Kd1 Qf1+ 33.
Kc2 Qc4 1/2-1/2

[Event "Baku FIDE Grand Prix 2014"]
[Site "Baku AZE"]
[Date "2014.10.05"]
[Round "4.4"]
[White "Kasimdzhanov, Rustam"]
[Black "Svidler, Peter"]
[Result "1/2-1/2"]
[WhiteElo "2706"]
[BlackElo "2732"]
[PlyCount "89"]
[EventDate "2014.10.02"]
[EventType "tourn"]
[EventRounds "11"]
[EventCountry "AZE"]
[EventCategory "21"]
[Source "lmi"]
[SourceDate "2014.10.02"]

1. e4 e5 2. Nf3 Nc6 3. Bb5 a6 4. Bxc6 dxc6 5. O-O Qd6 6. Na3 b5 7. d3 Ne7 8.
Nb1 c5 9. a4 Rb8 10. axb5 axb5 11. Nc3 Nc6 12. Nd5 Be7 13. c3 O-O 14. d4 Bd8
15. dxe5 Nxe5 16. Nxe5 Qxe5 17. Bf4 Qe6 18. Nxc7 Bxc7 19. Bxc7 Rb7 20. Qd6 Qxe4
21. Rfe1 Qg6 22. Qxc5 h6 23. Ra8 Qf5 24. Bd6 Qxc5 25. Bxc5 Rd8 26. h3 Kh7 27.
Kh2 Rg8 28. b4 Be6 29. Ra6 Rbb8 30. Re5 Ra8 31. Ra5 Bc4 32. Bd4 Rge8 33. Rxa8
Rxa8 34. g4 Ra2 35. h4 Rd2 36. Kg3 f6 37. Rc5 Be2 38. h5 Rd3+ 39. Kf4 Rf3+ 40.
Ke4 Rh3 41. Rc7 Kg8 42. Kf5 Rf3+ 43. Ke4 Rh3 44. Kf5 Rf3+ 45. Ke4 1/2-1/2

[Event "Baku FIDE Grand Prix 2014"]
[Site "Baku AZE"]
[Date "2014.10.05"]
[Round "4.5"]
[White "Tomashevsky, Evgeny"]
[Black "Karjakin, Sergey"]
[Result "1/2-1/2"]
[WhiteElo "2701"]
[BlackElo "2767"]
[PlyCount "61"]
[EventDate "2014.10.02"]
[EventType "tourn"]
[EventRounds "11"]
[EventCountry "AZE"]
[EventCategory "21"]
[Source "lmi"]
[SourceDate "2014.10.02"]

1. d4 Nf6 2. c4 e6 3. g3 d5 4. Nf3 Bb4+ 5. Bd2 Be7 6. Bg2 O-O 7. O-O c6 8. Qc2
Nbd7 9. Rd1 b6 10. b3 Ba6 11. a4 Qc8 12. a5 dxc4 13. bxc4 c5 14. Bf4 cxd4 15.
Nxd4 Bb7 16. Bxb7 Qxb7 17. Nc3 bxa5 18. Nb3 Qc8 19. Nb5 a4 20. Rxa4 Nb6 21.
Rxa7 Rxa7 22. Nxa7 Qxc4 23. Qxc4 Nxc4 24. Nc6 Ba3 25. Bc1 Bxc1 26. Rxc1 Nb6 27.
Nc5 Ra8 28. Nd3 Kf8 29. Kf1 Rc8 30. Nce5 Rxc1+ 31. Nxc1 1/2-1/2

[Event "Baku FIDE Grand Prix 2014"]
[Site "Baku AZE"]
[Date "2014.10.05"]
[Round "4.6"]
[White "Andreikin, Dmitry"]
[Black "Radjabov, Teimour"]
[Result "1/2-1/2"]
[WhiteElo "2722"]
[BlackElo "2726"]
[PlyCount "81"]
[EventDate "2014.10.02"]
[EventType "tourn"]
[EventRounds "11"]
[EventCountry "AZE"]
[EventCategory "21"]
[Source "lmi"]
[SourceDate "2014.10.02"]

1. d4 Nf6 2. c4 g6 3. Nc3 Bg7 4. e4 d6 5. h3 O-O 6. Be3 c5 7. Nf3 cxd4 8. Nxd4
Nc6 9. Be2 Nxd4 10. Bxd4 Bd7 11. O-O a5 12. Qc2 Bc6 13. Rad1 Nd7 14. Be3 a4 15.
c5 dxc5 16. Bxc5 Re8 17. Ba3 Rc8 18. Qd2 Nf6 19. Qf4 Qa5 20. e5 Nd7 21. e6 fxe6
22. Bg4 Nf8 23. Rfe1 Rcd8 24. Rxd8 Qxd8 25. Bf3 Bxc3 26. bxc3 Bxf3 27. Qxf3 Qd5
28. Qe2 Qc6 29. c4 Kf7 30. Rb1 Nd7 31. Rb4 Rc8 32. Qd1 Ra8 33. c5 e5 34. Qb1
Nxc5 35. Rb5 Ne6 36. Rxb7 Re8 37. Qb4 Nc7 38. Rb6 Qd5 39. Qh4 h5 40. Qxa4 Ne6
41. Qb3 1/2-1/2

[Event "Baku FIDE Grand Prix 2014"]
[Site "Baku AZE"]
[Date "2014.10.07"]
[Round "5.1"]
[White "Gelfand, Boris"]
[Black "Tomashevsky, Evgeny"]
[Result "1/2-1/2"]
[WhiteElo "2748"]
[BlackElo "2701"]
[PlyCount "61"]
[EventDate "2014.10.02"]
[EventType "tourn"]
[EventRounds "11"]
[EventCountry "AZE"]
[EventCategory "21"]
[Source "lmi"]
[SourceDate "2014.10.02"]

1. d4 d5 2. c4 e6 3. Nf3 c6 4. e3 f5 5. Bd3 Nf6 6. O-O Bd6 7. b3 Qe7 8. Bb2 O-O
9. Nc3 Bd7 10. Ne5 Be8 11. Ne2 Nbd7 12. f3 c5 13. Rc1 Rd8 14. Qc2 dxc4 15. Bxc4
cxd4 16. exd4 Nb6 17. Nf4 Nxc4 18. Qxc4 Bd7 19. Nxd7 Bxf4 20. Nxf8 Bxc1 21.
Nxe6 Be3+ 22. Kh1 b5 23. Qc7 Qxc7 24. Nxc7 b4 25. d5 Bb6 26. Bxf6 gxf6 27. Rc1
a5 28. g3 Bxc7 29. Rxc7 Rxd5 30. Rc2 Kf7 31. Kg2 1/2-1/2

[Event "Baku FIDE Grand Prix 2014"]
[Site "Baku AZE"]
[Date "2014.10.07"]
[Round "5.3"]
[White "Svidler, Peter"]
[Black "Andreikin, Dmitry"]
[Result "1/2-1/2"]
[WhiteElo "2732"]
[BlackElo "2722"]
[PlyCount "61"]
[EventDate "2014.10.02"]
[EventType "tourn"]
[EventRounds "11"]
[EventCountry "AZE"]
[EventCategory "21"]
[Source "lmi"]
[SourceDate "2014.10.02"]

1. e4 e6 2. d4 d5 3. Nd2 c5 4. Ngf3 cxd4 5. Nxd4 Nf6 6. exd5 Qxd5 7. Nb5 Na6 8.
Nc3 Qd8 9. a3 Be7 10. Qf3 Nc7 11. Bd3 Ncd5 12. Nxd5 Qxd5 13. Qxd5 Nxd5 14. Nf3
Bf6 15. c4 Ne7 16. Rb1 Bd7 17. b4 Bc6 18. Ke2 O-O-O 19. Be3 Bxf3+ 20. gxf3 Nc6
21. Be4 Nd4+ 22. Kf1 Be5 23. f4 Bb8 24. Rd1 Nf5 25. Ke2 Nxe3 26. fxe3 f5 27.
Bc2 Rxd1 28. Rxd1 Rd8 29. Rxd8+ Kxd8 30. c5 b6 31. cxb6 1/2-1/2

[Event "Baku FIDE Grand Prix 2014"]
[Site "Baku AZE"]
[Date "2014.10.07"]
[Round "5.6"]
[White "Karjakin, Sergey"]
[Black "Kasimdzhanov, Rustam"]
[Result "1/2-1/2"]
[WhiteElo "2767"]
[BlackElo "2706"]
[PlyCount "60"]
[EventDate "2014.10.02"]
[EventType "tourn"]
[EventRounds "11"]
[EventCountry "AZE"]
[EventCategory "21"]
[Source "lmi"]
[SourceDate "2014.10.02"]

1. c4 Nf6 2. Nc3 c5 3. Nf3 Nc6 4. d4 cxd4 5. Nxd4 e6 6. a3 d5 7. cxd5 exd5 8.
Bg5 Bc5 9. e3 Bxd4 10. exd4 h6 11. Be3 O-O 12. Be2 Ne4 13. Rc1 Nd6 14. Nxd5 Nf5
15. Bf3 Be6 16. Nf4 Ncxd4 17. Bxd4 Nxd4 18. O-O Bb3 19. Qd3 Qf6 20. Bd1 Qxf4
21. Bxb3 Rad8 22. Ba2 Rd7 23. Rce1 Qf6 24. Re4 g6 25. Qc3 Kg7 26. Rfe1 Rfd8 27.
Kf1 Nf5 28. Qxf6+ Kxf6 29. g3 h5 30. h4 Rc7 1/2-1/2

[Event "Baku FIDE Grand Prix 2014"]
[Site "Baku AZE"]
[Date "2014.10.08"]
[Round "6.2"]
[White "Karjakin, Sergey"]
[Black "Gelfand, Boris"]
[Result "1/2-1/2"]
[WhiteElo "2767"]
[BlackElo "2748"]
[PlyCount "61"]
[EventDate "2014.10.02"]
[EventType "tourn"]
[EventRounds "11"]
[EventCountry "AZE"]
[EventCategory "21"]
[Source "lmi"]
[SourceDate "2014.10.02"]

1. e4 c5 2. Nf3 d6 3. d4 cxd4 4. Nxd4 Nf6 5. Nc3 a6 6. h3 e5 7. Nb3 Be6 8. f4
g6 9. Qf3 Nc6 10. Be3 exf4 11. Bxf4 Nh5 12. Bh2 Qh4+ 13. g3 Qg5 14. g4 Qh4+ 15.
Qf2 Qxf2+ 16. Kxf2 Nf6 17. Rd1 Ne5 18. Nd4 Be7 19. Bg2 Rc8 20. Rhe1 Nfd7 21.
Nce2 Bh4+ 22. Bg3 Bxg3+ 23. Kxg3 Ke7 24. Nf4 h6 25. Re3 Nf6 26. Kf2 Rc5 27. Kg1
Rhc8 28. b3 Rc3 29. Rxc3 Rxc3 30. Nfe2 Rc5 31. c4 1/2-1/2

[Event "Baku FIDE Grand Prix 2014"]
[Site "Baku AZE"]
[Date "2014.10.08"]
[Round "6.4"]
[White "Kasimdzhanov, Rustam"]
[Black "Andreikin, Dmitry"]
[Result "1-0"]
[WhiteElo "2706"]
[BlackElo "2722"]
[PlyCount "71"]
[EventDate "2014.10.02"]
[EventType "tourn"]
[EventRounds "11"]
[EventCountry "AZE"]
[EventCategory "21"]
[Source "lmi"]
[SourceDate "2014.10.02"]

1. d4 d6 2. e4 Nf6 3. Nc3 e5 4. Nf3 Nbd7 5. Bc4 Be7 6. O-O O-O 7. a4 a5 8. Re1
c6 9. h3 h6 10. Be3 Re8 11. d5 Nf8 12. Nd2 Ng6 13. Bf1 Rb8 14. Ba7 Ra8 15. Be3
Rb8 16. Nc4 c5 17. Bd2 Rf8 18. Ra3 b6 19. Nb5 Ne8 20. Rb3 Rb7 21. Nba3 Bh4 22.
Nxb6 Rxb6 23. Bxa5 f5 24. Bxb6 Qg5 25. Nc4 fxe4 26. g3 Nf4 27. Nd2 Nf6 28. Nxe4
Nxe4 29. Rxe4 Bxh3 30. Rxf4 exf4 31. Bxh3 fxg3 32. f3 g2 33. Qe2 Rf4 34. Ba5
Rxa4 35. Be6+ Kh7 36. Qd3+ 1-0

[Event "Baku FIDE Grand Prix 2014"]
[Site "Baku AZE"]
[Date "2014.10.08"]
[Round "6.5"]
[White "Grischuk, Alexander"]
[Black "Radjabov, Teimour"]
[Result "0-1"]
[WhiteElo "2797"]
[BlackElo "2726"]
[PlyCount "72"]
[EventDate "2014.10.02"]
[EventType "tourn"]
[EventRounds "11"]
[EventCountry "AZE"]
[EventCategory "21"]
[Source "lmi"]
[SourceDate "2014.10.02"]

1. Nf3 Nf6 2. g3 g6 3. Bg2 Bg7 4. O-O O-O 5. c4 c6 6. b3 Ne4 7. d4 d5 8. Bb2 a5
9. Nc3 Bf5 10. Rc1 Nxc3 11. Bxc3 Be4 12. e3 e6 13. Bh3 Nd7 14. Qe2 Bxf3 15.
Qxf3 Nf6 16. Qe2 Ne4 17. Be1 f5 18. Bg2 g5 19. b4 axb4 20. Bxb4 Rf7 21. a3 Nd6
22. cxd5 exd5 23. Rc2 Qd7 24. Qh5 h6 25. f4 Nc4 26. Re2 g4 27. Kh1 Qe8 28. h3
Re7 29. Qxe8+ Rexe8 30. Rfe1 h5 31. Bf1 Re6 32. hxg4 hxg4 33. Rh2 Rxe3 34. Rxe3
Nxe3 35. Bd3 Bxd4 36. Re2 c5 0-1

[Event "Baku FIDE Grand Prix 2014"]
[Site "Baku AZE"]
[Date "2014.10.09"]
[Round "7.1"]
[White "Gelfand, Boris"]
[Black "Kasimdzhanov, Rustam"]
[Result "1/2-1/2"]
[WhiteElo "2748"]
[BlackElo "2706"]
[PlyCount "133"]
[EventDate "2014.10.02"]
[EventType "tourn"]
[EventRounds "11"]
[EventCountry "AZE"]
[EventCategory "21"]
[Source "lmi"]
[SourceDate "2014.10.02"]

1. d4 d5 2. c4 e6 3. Nf3 Nf6 4. Nc3 Be7 5. Bf4 O-O 6. e3 Nbd7 7. Be2 dxc4 8.
O-O a6 9. a4 c5 10. d5 Nxd5 11. Nxd5 exd5 12. Qxd5 Nf6 13. Qe5 Qe8 14. Bxc4 Bd7
15. a5 Bc6 16. b3 Ne4 17. Qb2 Nd6 18. Bd3 Bb5 19. Rfd1 Bxd3 20. Rxd3 Nb5 21.
Rad1 Rd8 22. Qc2 Rxd3 23. Rxd3 Bd8 24. Qd2 Bf6 25. Bg5 Bxg5 26. Nxg5 h6 27. Nf3
Qe6 28. Qc2 Rc8 29. Nd2 Nd6 30. g3 g6 31. Nc4 Nxc4 32. Qxc4 Qxc4 33. bxc4 Rc6
34. Rb3 Rd6 35. Rxb7 Rd1+ 36. Kg2 Ra1 37. Kf3 Rxa5 38. Rc7 Kf8 39. Ke4 Ra2 40.
f4 Rxh2 41. Ke5 Kg7 42. Rxc5 Rg2 43. Rd5 Rxg3 44. c5 Rxe3+ 45. Kd6 Re6+ 46. Kd7
Re4 47. f5 g5 48. c6 Rc4 49. c7 g4 50. Rd6 g3 51. Rd3 Kf6 52. Rxg3 Kxf5 53.
Rf3+ Kg4 54. Rxf7 h5 55. Rg7+ Kf3 56. Rh7 Kg4 57. Rh6 Rxc7+ 58. Kxc7 h4 59. Kd6
h3 60. Ke5 Kg3 61. Ke4 h2 62. Ke3 Kg2 63. Rg6+ Kf1 64. Rxa6 h1=Q 65. Ra1+ Kg2
66. Rxh1 Kxh1 67. Ke4 1/2-1/2

[Event "Baku FIDE Grand Prix 2014"]
[Site "Baku AZE"]
[Date "2014.10.10"]
[Round "8.1"]
[White "Tomashevsky, Evgeny"]
[Black "Radjabov, Teimour"]
[Result "1/2-1/2"]
[WhiteElo "2701"]
[BlackElo "2726"]
[PlyCount "61"]
[EventDate "2014.10.02"]
[EventType "tourn"]
[EventRounds "11"]
[EventCountry "AZE"]
[EventCategory "21"]
[Source "lmi"]
[SourceDate "2014.10.02"]

1. d4 Nf6 2. c4 g6 3. Nc3 d5 4. cxd5 Nxd5 5. Bd2 Nb6 6. e3 Bg7 7. f4 c5 8. dxc5
N6d7 9. Ne4 Bxb2 10. Rb1 Bg7 11. Bc4 O-O 12. Nf3 Nf6 13. Neg5 e6 14. O-O h6 15.
Nxf7 Rxf7 16. Ne5 Rf8 17. Nxg6 Re8 18. f5 Na6 19. c6 bxc6 20. fxe6 Bxe6 21.
Bxa6 Ne4 22. Bb4 Bxa2 23. Ne7+ Kh8 24. Qxd8 Raxd8 25. Nxc6 Bxb1 26. Nxd8 Rxd8
27. Rxb1 Rb8 28. Bd3 Nc3 29. Bxc3 Rxb1+ 30. Bxb1 Bxc3 31. Kf2 1/2-1/2

[Event "Baku FIDE Grand Prix 2014"]
[Site "Baku AZE"]
[Date "2014.10.10"]
[Round "8.4"]
[White "Dominguez Perez, Leinier"]
[Black "Svidler, Peter"]
[Result "0-1"]
[WhiteElo "2751"]
[BlackElo "2732"]
[PlyCount "154"]
[EventDate "2014.10.02"]
[EventType "tourn"]
[EventRounds "11"]
[EventCountry "AZE"]
[EventCategory "21"]
[Source "lmi"]
[SourceDate "2014.10.02"]

1. e4 e5 2. Nf3 Nc6 3. Bb5 a6 4. Ba4 Nf6 5. O-O Be7 6. d3 d6 7. c3 O-O 8. Nbd2
Re8 9. d4 b5 10. Bc2 exd4 11. cxd4 Bg4 12. h3 Bh5 13. g4 Bg6 14. Re1 h5 15. e5
Bxc2 16. Qxc2 Nb4 17. Qf5 dxe5 18. dxe5 g6 19. Qb1 Bc5 20. Ne4 Nxe4 21. Qxe4
hxg4 22. hxg4 Qd3 23. b3 Qxe4 24. Rxe4 Nd3 25. Be3 f5 26. gxf5 gxf5 27. Rh4
Nxe5 28. Nxe5 Rxe5 29. Bxc5 Rxc5 30. Rd1 Kf7 31. Rh7+ Kf6 32. Rdd7 Rg8+ 33. Kf1
Rc1+ 34. Ke2 Re8+ 35. Kf3 Rc3+ 36. Kg2 c6 37. Ra7 Rg8+ 38. Kf1 Rc1+ 39. Ke2
Rc2+ 40. Kf3 Rxa2 41. Rhc7 Rc2 42. Rxa6 Rc3+ 43. Ke2 Re8+ 44. Kd2 Rf3 45.
Raxc6+ Kg5 46. Rg7+ Kf4 47. Rh6 Rxf2+ 48. Kc3 Rf3+ 49. Kb4 Ree3 50. Kxb5 Rxb3+
51. Kc4 Rh3 52. Ra6 Rhc3+ 53. Kd5 Rb5+ 54. Kd4 Rbb3 55. Rf7 Rd3+ 56. Kc4 Rbc3+
57. Kb4 Rb3+ 58. Kc4 Rdc3+ 59. Kd4 Re3 60. Ra1 Red3+ 61. Kc4 Ra3 62. Rh1 Rh3
63. Rd1 Rhe3 64. Rf1+ Rf3 65. Rd1 Ra4+ 66. Kb5 Re4 67. Rf8 Kg3 68. Rd5 Rb3+ 69.
Kc5 f4 70. Rg5+ Kf2 71. Rgf5 f3 72. R5f7 Rg4 73. Rf6 Re3 74. R6f7 Kg2 75. Rf6
Rg3 76. Kd4 Re2 77. Kd3 Ra2 0-1

[Event "Baku FIDE Grand Prix 2014"]
[Site "Baku AZE"]
[Date "2014.10.10"]
[Round "8.5"]
[White "Grischuk, Alexander"]
[Black "Andreikin, Dmitry"]
[Result "1/2-1/2"]
[WhiteElo "2797"]
[BlackElo "2722"]
[PlyCount "153"]
[EventDate "2014.10.02"]
[EventType "tourn"]
[EventRounds "11"]
[EventCountry "AZE"]
[EventCategory "21"]
[Source "lmi"]
[SourceDate "2014.10.02"]

1. e4 e5 2. Nf3 Nc6 3. Bb5 Nf6 4. O-O Nxe4 5. d4 Nd6 6. Bxc6 dxc6 7. dxe5 Nf5
8. Qxd8+ Kxd8 9. Nc3 Ke8 10. h3 b6 11. Rd1 Bb7 12. Bf4 Bb4 13. Ne2 Be7 14. Ned4
Nxd4 15. Nxd4 Rd8 16. Nf5 g5 17. Be3 Rg8 18. c4 c5 19. f3 Bc8 20. g4 f6 21.
Nxe7 Kxe7 22. exf6+ Kxf6 23. Kf2 Kg6 24. b3 Rgf8 25. Rxd8 Rxd8 26. Re1 Rd3 27.
Ke2 Rd8 28. Kf2 Rd3 29. Ke2 Rd8 30. Rd1 Rd6 31. Rd3 Bb7 32. Rc3 Re6 33. Kf2 Rf6
34. Bd2 Rd6 35. Ke2 Bc6 36. Re3 Kf7 37. Rc3 Rh6 38. Bxg5 Rxh3 39. Bf4 h5 40.
gxh5 Rxh5 41. Bxc7 b5 42. Kf2 a6 43. Kg3 Rg5+ 44. Kf4 Kg6 45. Ke3 Rf5 46. Bf4
Kf7 47. Rc2 bxc4 48. Rxc4 Bb5 49. Rc1 Rd5 50. Kf2 Ke6 51. Be3 Kd6 52. Rh1 Bd3
53. Bd2 Bg6 54. Ke3 Rh5 55. Rg1 Bf7 56. Rg7 Ke7 57. Rg4 Bd5 58. Rg7+ Bf7 59. f4
Rh3+ 60. Ke4 Kf6 61. Rg2 c4 62. bxc4 Bxc4 63. Be3 Rh5 64. Bd4+ Ke6 65. Rg6+ Kf7
66. Rf6+ Ke7 67. Be5 Bxa2 68. Rxa6 Be6 69. Ra7+ Bd7 70. Kd5 Rf5 71. Kd4 Rh5 72.
Ke4 Ke6 73. Ra6+ Ke7 74. Bf6+ Kf7 75. Bg5 Rh1 76. Ra7 Re1+ 77. Kd4 1/2-1/2

[Event "Baku FIDE Grand Prix 2014"]
[Site "Baku AZE"]
[Date "2014.10.12"]
[Round "9.3"]
[White "Svidler, Peter"]
[Black "Tomashevsky, Evgeny"]
[Result "1/2-1/2"]
[WhiteElo "2732"]
[BlackElo "2701"]
[PlyCount "43"]
[EventDate "2014.10.02"]
[EventType "tourn"]
[EventRounds "11"]
[EventCountry "AZE"]
[EventCategory "21"]
[Source "lmi"]
[SourceDate "2014.10.02"]

1. e4 e5 2. Nf3 Nc6 3. Bb5 a6 4. Ba4 Nf6 5. O-O Be7 6. Re1 b5 7. Bb3 O-O 8. a4
Bb7 9. d3 d6 10. Nbd2 Na5 11. Ba2 c5 12. c3 c4 13. b4 cxb3 14. Nxb3 bxa4 15.
Nbd2 Bc6 16. Ba3 Rc8 17. Bb4 Bd7 18. Nf1 Nc6 19. Ba3 Na5 20. Bb4 Nc6 21. Ba3
Na5 22. Bb4 1/2-1/2

[Event "Baku FIDE Grand Prix 2014"]
[Site "Baku AZE"]
[Date "2014.10.12"]
[Round "9.5"]
[White "Radjabov, Teimour"]
[Black "Karjakin, Sergey"]
[Result "1/2-1/2"]
[WhiteElo "2726"]
[BlackElo "2767"]
[PlyCount "60"]
[EventDate "2014.10.02"]
[EventType "tourn"]
[EventRounds "11"]
[EventCountry "AZE"]
[EventCategory "21"]
[Source "lmi"]
[SourceDate "2014.10.02"]

1. Nf3 Nf6 2. c4 c5 3. Nc3 Nc6 4. g3 d5 5. d4 cxd4 6. Nxd4 dxc4 7. Nxc6 Qxd1+
8. Nxd1 bxc6 9. Bg2 Nd5 10. Ne3 e6 11. Nxc4 Ba6 12. Na5 Rc8 13. Bd2 Be7 14. Rc1
c5 15. b3 O-O 16. O-O Rfd8 17. Bf3 Bf6 18. Rc2 Nb4 19. Bxb4 cxb4 20. Nc6 Bb5
21. Rfc1 Bxc6 22. Rxc6 Rxc6 23. Rxc6 a5 24. Be4 Rd1+ 25. Kg2 g6 26. Rc5 Rd2 27.
Rc2 Rxc2 28. Bxc2 Kf8 29. Bd3 Ke7 30. e3 Bc3 1/2-1/2

[Event "Baku FIDE Grand Prix 2014"]
[Site "Baku AZE"]
[Date "2014.10.13"]
[Round "10.2"]
[White "Karjakin, Sergey"]
[Black "Svidler, Peter"]
[Result "1/2-1/2"]
[WhiteElo "2767"]
[BlackElo "2732"]
[PlyCount "54"]
[EventDate "2014.10.02"]
[EventType "tourn"]
[EventRounds "11"]
[EventCountry "AZE"]
[EventCategory "21"]
[Source "lmi"]
[SourceDate "2014.10.02"]

1. e4 e5 2. Nf3 Nc6 3. Bb5 a6 4. Ba4 Nf6 5. O-O Be7 6. Re1 b5 7. Bb3 O-O 8. a4
b4 9. d4 d6 10. dxe5 dxe5 11. Nbd2 Bc5 12. a5 h6 13. h3 Qd6 14. Qe2 Nh5 15. Nc4
Qf6 16. Ne3 Nf4 17. Qc4 Nxg2 18. Kxg2 Bxh3+ 19. Kxh3 Qxf3+ 20. Kh2 Nd4 21. Rf1
Qh5+ 22. Kg2 Qf3+ 23. Kh2 Bd6 24. c3 Qh5+ 25. Kg2 Qf3+ 26. Kh2 Qh5+ 27. Kg2
Qf3+ 1/2-1/2

[Event "Baku FIDE Grand Prix 2014"]
[Site "Baku AZE"]
[Date "2014.10.13"]
[Round "10.4"]
[White "Tomashevsky, Evgeny"]
[Black "Andreikin, Dmitry"]
[Result "1-0"]
[WhiteElo "2701"]
[BlackElo "2722"]
[PlyCount "81"]
[EventDate "2014.10.02"]
[EventType "tourn"]
[EventRounds "11"]
[EventCountry "AZE"]
[EventCategory "21"]
[Source "lmi"]
[SourceDate "2014.10.02"]

1. d4 d5 2. c4 c6 3. Nf3 Nf6 4. Nc3 dxc4 5. a4 Bf5 6. Ne5 Na6 7. e3 Nb4 8. Bxc4
e6 9. O-O Bd6 10. Qe2 h6 11. e4 Bh7 12. Rd1 O-O 13. Bf4 Qe7 14. Bg3 a6 15. Bh4
g5 16. Bg3 c5 17. dxc5 Bxc5 18. Kh1 Rad8 19. f4 Bd4 20. fxg5 hxg5 21. Nf3 Nc6
22. Nxg5 Bg6 23. Rf1 Bh5 24. Qe1 Ng4 25. Nf3 Bg7 26. h3 Nge5 27. Nxe5 Nxe5 28.
Be2 Nd3 29. Bxd3 Rxd3 30. Bh4 Qb4 31. Bf6 Rc8 32. Bxg7 Kxg7 33. Qh4 Bg6 34. Rf2
Qd4 35. Raf1 Qe5 36. Qe7 Qh5 37. Kg1 Qc5 38. Qxb7 Rh8 39. Qxa6 Rd2 40. Qb5 Qd4
41. Qg5 1-0